Property equities - harbinger of worse to come? (Record no. 80632)
[ view plain ]
| 000 -LEADER | |
|---|---|
| fixed length control field | 00763cab a22001815a 4500 |
| 001 - CONTROL NUMBER | |
| control field | L144905 |
| 008 - FIXED-LENGTH DATA ELEMENTS--GENERAL INFORMATION | |
| fixed length control field | 080819s2008 xxkd f s 000 0 eng d |
| 035 ## - SYSTEM CONTROL NUMBER | |
| System control number | (Sirsi) u144905 |
| 041 0# - LANGUAGE CODE | |
| Language code of text/sound track or separate title | eng |
| 100 1# - MAIN ENTRY--PERSONAL NAME | |
| Personal name | Patterson, Alan S. |
| 245 00 - TITLE STATEMENT | |
| Title | Property equities - harbinger of worse to come? |
| 260 ## - PUBLICATION, DISTRIBUTION, ETC. | |
| Date of publication, distribution, etc. | 2008 |
| 490 ## - SERIES STATEMENT | |
| Series statement | Property Forecast |
| Volume/sequential designation | 11(6) June 2008, 2-3(2) |
| 520 ## - SUMMARY, ETC. | |
| Summary, etc. | Article looks at the performance of property equities over the last twelve months and suggests that more serious falls may happen in the near future. Highlights revaluation falls and general uncertainty about the current economic downturn as factors in a possible drop in values. |
| 651 #4 - SUBJECT ADDED ENTRY--GEOGRAPHIC NAME | |
| Geographic name | United Kingdom |
| Chronological subdivision | |
| 690 ## - LOCAL SUBJECT ADDED ENTRY--TOPICAL TERM (OCLC, RLIN) | |
| Topical term or geographic name as entry element | PROPERTY-PROPERTY FINANCE AND INVESTMENT |
| 942 ## - ADDED ENTRY ELEMENTS (KOHA) | |
| Suppress in OPAC | 0 |
| Withdrawn status | Lost status | Source of classification or shelving scheme | Damaged status | Not for loan | Home library | Current library | Shelving location | Date acquired | Total Checkouts | Full call number | Barcode | Date last seen | Copy number | Price effective from | Koha item type |
|---|---|---|---|---|---|---|---|---|---|---|---|---|---|---|---|
| Dewey Decimal Classification | London | London | Journal article | 19/08/2008 | L144905 | 144905-1001 | 06/08/2019 | 1 | 06/08/2019 | Journal article |